Technique of film editing (Record no. 36183)
[ view plain ]
| 000 -LEADER | |
|---|---|
| fixed length control field | 00319nam a2200133Ia 4500 |
| 082 ## - DEWEY DECIMAL CLASSIFICATION NUMBER | |
| Classification number | 791.44 |
| Item number | REI |
| 100 ## - MAIN ENTRY--AUTHOR NAME | |
| Personal name | Millar, Gavin |
| 245 #0 - TITLE STATEMENT | |
| Title | Technique of film editing |
| 260 ## - PUBLICATION, DISTRIBUTION, ETC. (IMPRINT) | |
| Place of publication | London |
| Name of publisher | Focal |
| Year of publication | 1968 |
| 505 ## - FORMATTED CONTENTS NOTE | |
| Formatted contents note | Set price |
| 700 ## - ADDED ENTRY--PERSONAL NAME | |
| Personal name | Reisz, Karel |
| 942 ## - ADDED ENTRY ELEMENTS (KOHA) | |
| Koha item type | Books |
| Withdrawn status | Lost status | Damaged status | Not for loan | Home library | Current library | Date acquired | Cost, normal purchase price | Full call number | Accession Number | Koha item type |
|---|---|---|---|---|---|---|---|---|---|---|
| RRII Library | RRII Library | 16/12/2021 | 850.00 | 791.44 REI | 16596 | Books |